Wissenschaftliche Welt

Guardado en:
Detalles Bibliográficos
Formato: Seriadas
Lenguaje:alemán
Publicado: London World Federation of Scientific Workers 1986
Etiquetas: Agregar Etiqueta
Sin Etiquetas, Sea el primero en etiquetar este registro!

MARC

LEADER 00000nas2a2200000 4500
001 s034120
005 20250730114144.8
041 0 |a ger 
044 |a GB 
245 1 0 |a Wissenschaftliche Welt 
264 1 |a London  |b World Federation of Scientific Workers  |c 1986 
300 |a 1 zv. 
773 0 |w eu_un_cat*s120931